Countries that Border Countries that start with F - Statistics

General Stats
  • This quiz has been taken 33 times
  • The average score is 13 of 14
Answer Stats
Answer % Correct
Andorra
100%
Germany
100%
Norway
100%
Russia
100%
Sweden
100%
Switzerland
100%
Belgium
96%
Monaco
96%
Spain
96%
Luxembourg
92%
Italy
84%
Brazil
72%
Netherlands
72%
Suriname
68%
No matching quizzes found
Score Distribution
Percent of People with Each Score
Percentile by Number Answered
Your Score History
You have not taken this quiz